<?xml version="1.0" encoding="UTF-8"?><?xml-stylesheet type="text/xsl" href="static/style.xsl"?><OAI-PMH xmlns="http://www.openarchives.org/OAI/2.0/" xmlns:xsi="http://www.w3.org/2001/XMLSchema-instance" xsi:schemaLocation="http://www.openarchives.org/OAI/2.0/ http://www.openarchives.org/OAI/2.0/OAI-PMH.xsd"><responseDate>2026-06-01T04:30:32Z</responseDate><request verb="GetRecord" identifier="oai:riuma.uma.es:10630/18958" metadataPrefix="marc">https://riuma.uma.es/rest/oai/request</request><GetRecord><record><header><identifier>oai:riuma.uma.es:10630/18958</identifier><datestamp>2026-02-03T12:19:54Z</datestamp><setSpec>com_10630_2254</setSpec><setSpec>col_10630_37959</setSpec></header><metadata><record xmlns="http://www.loc.gov/MARC21/slim" xmlns:dcterms="http://purl.org/dc/terms/" xmlns:doc="http://www.lyncode.com/xoai" xmlns:xsi="http://www.w3.org/2001/XMLSchema-instance" xsi:schemaLocation="http://www.loc.gov/MARC21/slim http://www.loc.gov/standards/marcxml/schema/MARC21slim.xsd">
   <leader>00925njm 22002777a 4500</leader>
   <datafield ind2=" " ind1=" " tag="042">
      <subfield code="a">dc</subfield>
   </datafield>
   <datafield ind2=" " ind1=" " tag="720">
      <subfield code="a">Torres Nadal, José María</subfield>
      <subfield code="e">author</subfield>
   </datafield>
   <datafield ind2=" " ind1=" " tag="260">
      <subfield code="c">2019-12-02</subfield>
   </datafield>
   <datafield ind2=" " ind1=" " tag="520">
      <subfield code="a">Este libro es como un bocadillo. Un bocadillo político y desestructurado, cuya parte de arriba es un trozo de barra alargada y estrecha de pan integral, y la de abajo es una pieza cuadrada de pan de molde. Dentro hay pollo trufado de violencia y amor feminista (…..querida arquitecta, querido arquitecto, en mi opinión todo lo que eres, arquitectónicamente hablando, no se lo debes a la arquitectura si no que se lo debes a la universidad …); hay chorizos holográficos que atraviesan pantallas afectivas (…nací moderno y me he hecho ecologizante a medida que Alicante se construía como tal…. ) y hay polvo de carne de cemento amasado con agua periférica (…montamos[en Arquitectura en Alicante] una fiesta en la que su creatividad fuese provocativa, descarada y extravagantemente divertida, e hizo de la institución universitaria un lugar habitable, un lugar en el que construir una casa tuviera sentido…)&#xd;
&#xd;
Así han sido los 20 primeros años de docencia en Alicante. Este libro, que defiende la IN-DEPENDENCIA de la arquitectura, de la arquitectura que nos pertenece, y que defiende nuestra entidad futura como arquitectos ecologizantes, y que entiende la arquitectura como materia viva, es el cuerpo y la subjetividad que hemos aprendido, enseñado y practicado, con pasión y con ironía, en Arquitectura en Alicante.</subfield>
   </datafield>
   <datafield ind1="8" ind2=" " tag="024">
      <subfield code="a">https://hdl.handle.net/10630/18958</subfield>
   </datafield>
   <datafield tag="653" ind2=" " ind1=" ">
      <subfield code="a">Arquitectura</subfield>
   </datafield>
   <datafield ind2="0" ind1="0" tag="245">
      <subfield code="a">Arquitectura In_____dependiente</subfield>
   </datafield>
</record>
</metadata></record></GetRecord></OAI-PMH>